| 000 | 00823nam a22002297a 4500 | ||
|---|---|---|---|
| 005 | 2009050101071.0 | ||
| 008 | 090501t xxu||||| |||| 00| 0 eng d | ||
| 010 | _aENG-93374 | ||
| 020 |
_a8185569754 _c150.00 |
||
| 035 | _aEN-76907 | ||
| 037 | _bDBAD / PUB | ||
| 040 |
_adpl _bEnglish |
||
| 082 | _a378.01 | ||
| 100 | _aSamyuktha | ||
| 245 |
_aLearning the heart way / _cby Samyuktha |
||
| 260 |
_aGoa _bOther India Press _c2008 |
||
| 270 |
_aG-8, St. Britto's Apartments, Feira Alta, _bMapusa (Goa) _e403507 |
||
| 300 |
_av, 111p.: _bill. _c23cm (pbk) |
||
| 500 | _aIncludes glossary | ||
| 942 |
_2ddc _cEN _mSAM _h378.01 |
||
| 999 |
_c25977 _d25977 |
||